| 000 | 00820nam a2200265 i 4500 | ||
|---|---|---|---|
| 003 | vecauma | ||
| 005 | 20260410154015.0 | ||
| 007 | ta | ||
| 008 | 260410s1982 ve |||||r|||| 00| 0 spa d | ||
| 040 |
_avecauma _bspa _cvecauma _dvecauma _erda |
||
| 041 | 0 | _aspa | |
| 099 | _fFOLLETO 0400 | ||
| 100 | 1 |
_aSanabria, Edgar, _d1910-1989 _eautor _92830 |
|
| 245 | 1 | 0 |
_aRafael María Baralt _c/ Edgar Sanabria. |
| 250 | _aEdición facsimilar. | ||
| 264 | 1 |
_aCaracas, Venezuela : _bEdiciones Presidencia de la República, _c1982. |
|
| 300 | _a46 páginas. | ||
| 336 |
_atexto _btxt _2rdacontenido |
||
| 337 |
_ano mediado _bn _2rdamedio |
||
| 338 |
_avolumen _bnc _2rdasoporte |
||
| 600 | 1 | 0 |
_92620 _aBaralt, Rafael María, _d1810-1860 |
| 650 | 0 |
_918 _aENSAYOS VENEZOLANOS |
|
| 942 | 1 |
_2lcc _n0 _cFOL |
|
| 999 |
_c13343 _d13343 |
||